000 00450nam a2200157 i 4500
001 bg
100 1 _aGÓRAL, Józef Joachim
245 0 _aRozmówki polsko-portugalskie podane z akcentem i wymową /
_cUłożył Józef Joachim Góral.
260 _aKurytyba :
_bJózef Joachim Góral,
_c1928.
300 _as. 126, nlb. 2.
040 _cBPK
041 _apol
080 _a808.4:806.90
942 _cKS
008 s pl f |000 0 pol
999 _c16284
_d16284
856 _uhttp://koha.tu.koszalin.pl/cgi-bin/koha/opac-detail.pl?biblionumber=16284
_yKatalog online BPK